The apostolic fathers : (Record no. 14025)
[ view plain ]
| 000 -LEADER | |
|---|---|
| fixed length control field | 00643nam a2200169 4500 |
| 008 - FIXED-LENGTH DATA ELEMENTS--GENERAL INFORMATION | |
| fixed length control field | 030127s1978 us 1 eng |
| 020 ## - INTERNATIONAL STANDARD BOOK NUMBER | |
| International Standard Book Number | 0840756615 |
| 090 ## - LOCALLY ASSIGNED LC-TYPE CALL NUMBER (OCLC); LOCAL CALL NUMBER (OCLC) | |
| Classification number (OCLC) (R) ; Classification number, CALL (RLIN) (NR) | BR60.A62 |
| Local cutter number (OCLC) ; Book number/undivided call number, CALL (RLIN) | Ap4s |
| -- | 1978 |
| 245 10 - TITLE STATEMENT | |
| Title | The apostolic fathers : |
| Remainder of title | new translations of these early Christian writings: Barnabas, I & II Clement, The Didache, Hermas, Ignatius, Polycarp / |
| Statement of responsibility, etc | edited by Jack N. Sparks. |
| 260 ## - PUBLICATION, DISTRIBUTION, ETC. (IMPRINT) | |
| Place of publication, distribution, etc | Nashville : |
| Name of publisher, distributor, etc | Thomas Nelson, |
| Date of publication, distribution, etc | c1978. |
| 300 ## - PHYSICAL DESCRIPTION | |
| Extent | 334 p. |
| 504 ## - BIBLIOGRAPHY, ETC. NOTE | |
| Bibliography, etc | Includes index |
| 650 #4 - SUBJECT ADDED ENTRY--TOPICAL TERM | |
| Topical term or geographic name as entry element | Christian literature, Early. |
| 700 1# - ADDED ENTRY--PERSONAL NAME | |
| Personal name | Sparks, Jack N, |
| Dates associated with a name | |
| 950 0# - LOCAL HOLDINGS (RLIN) | |
| -- | 0.00 |
| 951 ## - EQUIVALENCE OR CROSS-REFERENCE-GEOGRAPHIC NAME/AREA NAME [OBSOLETE] [CAN/MARC only] | |
| -- | 25483 |
| -- | BR60.A62/Ap4s/1978 |
| -- | 070613111207718 |
| -- | 2000-12-21 |
| -- | GC |
| Withdrawn status | Lost status | Damaged status | Not for loan | Home library | Current library | Shelving location | Date acquired | Accession number | Shelving control number | Total Checkouts | Full call number | Date last seen | Price effective from | Koha item type |
|---|---|---|---|---|---|---|---|---|---|---|---|---|---|---|
| BSOP Library | BSOP Library | GC | 12/21/2000 | 25483 | 127 | BR60.A62/Ap4s/1978 | 02/23/2013 | 02/23/2013 | Books |
